[Event "MISTRZOSTWA POLSKI JUNIOREK DO 16 LAT W SZACHACH SZYBKICH"]
[Site "KOSZALIN, Hala Widowiskowo-Sportowa, ul. Sniadeckich 4"]
[Date "1899-12-30"]
[Round "5.4"]
[White "Parol, Pola"]
[Black "Karykowska, Anna"]
[Result "0-1"]
[WhiteTitle "k"]
[BlackTitle "I++"]
[WhiteElo "1773"]
[BlackElo "1603"]

1. e4 c5 2. Nf3 e6 3. d4 cxd4 4. Nxd4 Nc6 5. Nc3 a6 6. Be3 Nf6 7. Be2 Bb4 8. Nxc6
bxc6 9. e5 Nd5 10. Bd2 Nxc3 11. Bxc3 Bxc3+ 12. bxc3 Qg5 13. Qd3 Qxg2 14. Bf3 Qg5
15. Qd6 Qe7 16. O-O-O Qxd6 17. exd6 O-O 18. Rd4 Rb8 19. Rg1 Rb5 20. Ra4 Rf5 21.
Rg3 a5 22. Kd2 g6 23. Rh4 Kg7 24. Rgh3 Rh8 25. Ke3 Ba6 26. c4 h5 27. Be4 Rg5 28.
Bd3 Rb8 29. Rf4 e5 30. Re4 Rb2 31. Rf3 Rxa2 32. h4 Rg4 33. Rxe5 Bxc4 34. Bxc4
Rxc4 35. Re7 Ra3+ 36. Ke2 Rxc2+ 37. Kd1 Rxf3 38. Kxc2 Rxf2+ 39. Kb3 Rf5 40. Rxd7
Rd5 41. Kc4 Kf6 42. Rd8 Ke6 43. d7 Rxd7 44. Re8+ Re7 45. Ra8 Kd6 46. Rxa5 Re4+
47. Kd3 Rxh4 48. Ra7 Rf4 49. Ke3 Rf5 50. Ke4 h4 51. Ra3 Rh5 52. Rh3 c5 53. Rd3+
Ke6 54. Rh3 f5+ 55. Kd3 g5 56. Kc4 g4 57. Rh1 f4 58. Kd3 h3 59. Ke4 g3 60. Kxf4
g2 61. Re1+ Kd5 62. Kg3 c4 63. Kh2 Kd4 64. Re8 Kc3 65. Rc8 Re5 66. Rg8 Re3 67.
Rg4 Kd3 68. Rg8 c3 69. Rd8+ Kc2 70. Rg8 Kc1 71. Rg7 c2 72. Rg8 Kd2 73. Rd8+ Rd3
74. Re8 c1=Q 75. Re2+ Kc3 76. Rxg2 hxg2 77. Kxg2 Qc2+ 78. Kf1 Rd1# 0-1

[Event "MISTRZOSTWA POLSKI JUNIOREK DO 16 LAT W SZACHACH SZYBKICH"]
[Site "KOSZALIN, Hala Widowiskowo-Sportowa, ul. Sniadeckich 4"]
[Date "1899-12-30"]
[Round "5.5"]
[White "Krzywnicka, Maria"]
[Black "Ziziuk, Martyna"]
[Result "1-0"]
[WhiteTitle "I+"]
[BlackTitle "I"]
[WhiteElo "1642"]
[BlackElo "1474"]

1. e4 e5 2. Nf3 Nc6 3. Bb5 a6 4. Ba4 Nf6 5. Qe2 d6 6. c3 Bd7 7. O-O Be7 8. Rd1
O-O 9. Bb3 Bg4 10. d3 h6 11. Nbd2 Nd7 12. Nf1 Nc5 13. Bc2 Ne6 14. h3 Bh5 15. Ng3
Bg6 16. d4 Ng5 17. Bxg5 Bxg5 18. dxe5 Qe7 19. exd6 cxd6 20. Qc4 Ne5 21. Nxe5 dxe5
22. Rd3 Rac8 23. Qb3 Bf4 24. Rad1 Bxg3 25. Rxg3 Kh8 26. Qb6 Rc6 27. Qe3 Rd8 28.
Qe2 Rb6 29. Rxd8+ Qxd8 30. Rd3 Qc7 31. Bb3 Rd6 32. Qd2 Rxd3 33. Qxd3 Kh7 34. Bd5
f6 35. Qc2 b6 36. Qa4 a5 37. Qb5 Bf7 38. Bxf7 Qxf7 39. Qd5 Qc7 40. c4 Qc5 41.
Qxc5 bxc5 42. Kf1 Kg8 43. Ke2 Kf7 44. Kd3 Ke7 45. Kc3 Kd7 46. Kb3 Kc6 47. Ka4
Kb6 48. a3 g6 49. g4 Ka6 50. b4 Kb6 51. b5 Kb7 52. Kxa5 Ka7 53. b6+ Kb7 54. Kb5
1-0

[Event "MISTRZOSTWA POLSKI JUNIOREK DO 16 LAT W SZACHACH SZYBKICH"]
[Site "KOSZALIN, Hala Widowiskowo-Sportowa, ul. Sniadeckich 4"]
[Date "1899-12-30"]
[Round "6.1"]
[White "Guzik, Natalia"]
[Black "Karykowska, Anna"]
[Result "0-1"]
[WhiteTitle "I++"]
[BlackTitle "I++"]
[WhiteElo "1547"]
[BlackElo "1603"]

1. e4 c5 2. Nf3 e6 3. d4 cxd4 4. Nxd4 Nc6 5. Be3 Nf6 6. Nc3 Bb4 7. f3 O-O 8. Qd2
d5 9. O-O-O Qa5 10. Nb3 Bxc3 11. Nxa5 Bxd2+ 12. Bxd2 Nxa5 13. Bxa5 a6 14. e5 Nd7
15. f4 b6 16. Bb4 Nc5 17. Kb1 Bb7 18. Be2 Rfd8 19. Bf3 Rac8 20. Rd4 a5 21. Ba3
b5 22. Bxc5 Rxc5 23. c3 Rdc8 24. Rhd1 g6 25. g4 Re8 26. f5 exf5 27. Bxd5 Bc8 28.
e6 Bxe6 29. Re1 fxg4 30. Bxe6 Rxe6 31. Rxe6 fxe6 32. Rxg4 Rh5 33. h4 Kf7 34. Kc2
Kf6 35. Kd3 Rd5+ 36. Rd4 Rxd4+ 37. Kxd4 g5 38. hxg5+ Kxg5 39. a4 bxa4 40. c4 Kf6
41. c5 Ke7 42. Kc4 h5 43. Kb5 Kd7 44. Kb6 Kc8 45. Kxa5 h4 46. Kxa4 h3 47. b4 h2
48. b5 h1=Q 49. c6 Kc7 50. Ka5 Qg1 0-1

[Event "MISTRZOSTWA POLSKI JUNIOREK DO 16 LAT W SZACHACH SZYBKICH"]
[Site "KOSZALIN, Hala Widowiskowo-Sportowa, ul. Sniadeckich 4"]
[Date "1899-12-30"]
[Round "6.2"]
[White "Cieslak, Wiktoria"]
[Black "Przepiora, Anna"]
[Result "1-0"]
[WhiteTitle "k+"]
[BlackTitle "II"]
[WhiteElo "1752"]
[BlackElo "1419"]

1. e4 c5 2. Nf3 Nc6 3. d4 cxd4 4. Nxd4 g6 5. c4 Bg7 6. Nc2 Nf6 7. Nc3 O-O 8. Be2
d6 9. O-O Be6 10. Rb1 Ne5 11. f4 Nc6 12. b3 Rc8 13. Bb2 Qb6+ 14. Kh1 Rfd8 15.
Nd5 Bxd5 16. exd5 Nb8 17. f5 Nbd7 18. fxg6 hxg6 19. Bg4 Nxg4 20. Qxg4 Ne5 21.
Qf4 Bf6 22. Qe4 Qc7 23. Ne3 Kg7 24. Ng4 Nxg4 25. Qxg4 Bxb2 26. Rxb2 Qd7 27. Qf4
Rf8 28. Rbf2 b5 29. cxb5 Qxb5 30. Qd4+ Kg8 31. Qxa7 Ra8 32. Qxe7 Rxa2 33. Rf6
Qe8 34. Qxd6 Qe4 35. Qg3 Rd2 36. d6 Rd3 37. Qf2 Qe8 38. b4 Qd7 39. Rxg6+ Kh7 40.
Rg5 Rxd6 41. Rh5+ Kg7 42. Qh4 Rg8 43. Rh7+ Kf8 44. Qf4 Rdg6 1-0

[Event "MISTRZOSTWA POLSKI JUNIOREK DO 16 LAT W SZACHACH SZYBKICH"]
[Site "KOSZALIN, Hala Widowiskowo-Sportowa, ul. Sniadeckich 4"]
[Date "1899-12-30"]
[Round "6.3"]
[White "Krzywnicka, Maria"]
[Black "Kaczmarska, Joanna"]
[Result "0-1"]
[WhiteTitle "I+"]
[BlackTitle "k"]
[WhiteElo "1642"]
[BlackElo "1730"]

1. e4 e5 2. Nf3 Nc6 3. Bb5 Nf6 4. Qe2 a6 5. Ba4 d6 6. c3 Be7 7. O-O O-O 8. Rd1
b5 9. Bb3 Na5 10. Bc2 c5 11. h3 Bb7 12. d4 Qc7 13. d5 Bc8 14. b3 c4 15. b4 Nb7
16. a4 Bd7 17. a5 Rfe8 18. Nh2 Nd8 19. Be3 Bf8 20. Qd2 h6 21. Qc1 Qc8 22. Nd2
g6 23. Ndf3 Kh7 24. Qd2 Bg7 25. Rf1 Nh5 26. Ne1 g5 27. Bd1 Nf4 28. Bxf4 gxf4 29.
Bg4 Bxg4 30. Nxg4 f5 31. exf5 Qxf5 32. Nh2 e4 33. Nc2 Rf8 34. Rae1 Nf7 35. g4
fxg3 36. fxg3 Qxh3 37. Rf4 Qxg3+ 38. Kh1 Bxc3 39. Rg4 Bxd2 40. Rxg3 Bxe1 41. Nxe1
Ng5 0-1

[Event "MISTRZOSTWA POLSKI JUNIOREK DO 16 LAT W SZACHACH SZYBKICH"]
[Site "KOSZALIN, Hala Widowiskowo-Sportowa, ul. Sniadeckich 4"]
[Date "1899-12-30"]
[Round "6.4"]
[White "Dwilewicz, Agata"]
[Black "Trusz, Julia"]
[Result "1-0"]
[WhiteTitle "I+"]
[BlackTitle "I+"]
[WhiteElo "1641"]
[BlackElo "1546"]

1. e4 c5 2. Nf3 Nc6 3. d4 cxd4 4. Nxd4 Nf6 5. f3 d6 6. c4 g6 7. Be3 Bg7 8. Nc3
O-O 9. Be2 Bd7 10. O-O a6 11. Rc1 Rb8 12. Qd2 Nxd4 13. Bxd4 b5 14. a3 Bc6 15.
Be3 Qd7 16. cxb5 axb5 17. Rfd1 Qb7 18. Qe1 Rfc8 19. Qf1 Nd7 20. a4 bxa4 21. Ba6
Qxb2 22. Bxc8 Rxc8 23. Nd5 Bf8 24. Bd4 Qb7 25. Qc4 Qa8 26. Nb4 Bb7 27. Qb5 Nf6
28. Rxc8 Bxc8 29. Qc4 Be6 30. Qc6 Qxc6 31. Nxc6 Bb3 32. Ra1 Nd7 33. Na5 Bc2 34.
Ra2 Bd1 35. Kf2 Bg7 36. Bxg7 Kxg7 37. Ke1 Bb3 38. Nxb3 axb3 39. Rb2 Nc5 40. Kd2
Kf6 41. Ke3 Ke5 42. f4+ Ke6 43. Kd4 f6 44. e5 fxe5+ 45. fxe5 Nd7 46. exd6 exd6
47. Rxb3 Nf6 48. Re3+ Kd7 49. Rf3 Ke6 50. h3 Ke7 51. Re3+ Kd7 52. Ra3 h6 53. Ra7+
Ke6 54. Rg7 Kf5 55. Re7 h5 56. Re1 g5 57. Rf1+ Ke6 58. Rf2 g4 59. h4 Ke7 60. g3
Ke6 61. Rf4 Ke7 62. Rf5 Ke6 63. Rg5 Ke7 64. Ke3 Ke6 65. Rg6 Kf7 66. Rg5 Ke6 67.
Kd4 Ke7 68. Ra5 Kd7 69. Ke3 Ke6 70. Kf4 d5 71. Ra6+ Ke7 72. Ke5 Ne4 73. Ra7+ Kf8
74. Ra3 Kg7 75. Kxd5 Nf6+ 76. Ke6 Kg6 77. Ra5 Ne4 78. Ra3 Nf6 79. Re3 Ne8 80.
Re5 Ng7+ 81. Kd5 Nf5 82. Ke4 Nd6+ 83. Kf4 Nf7 84. Re6+ Kg7 85. Kf5 Kh7 86. Kf6
Nd8 87. Re7+ Kh6 88. Re8 1-0

[Event "MISTRZOSTWA POLSKI JUNIOREK DO 16 LAT W SZACHACH SZYBKICH"]
[Site "KOSZALIN, Hala Widowiskowo-Sportowa, ul. Sniadeckich 4"]
[Date "1899-12-30"]
[Round "6.5"]
[White "Stebel, Agata"]
[Black "Kindler, Karolina"]
[Result "1/2-1/2"]
[WhiteTitle "k"]
[BlackTitle "I+"]
[WhiteElo "1712"]
[BlackElo "1523"]

1. e4 c5 2. d4 cxd4 3. c3 d6 4. cxd4 Nf6 5. Nc3 Nbd7 6. Nf3 e5 7. d5 Nc5 8. Bb5+
Bd7 9. Qe2 Bxb5 10. Qxb5+ Qd7 11. Qxd7+ Kxd7 12. Nd2 Nd3+ 13. Ke2 Nf4+ 14. Kf1
Nd3 15. Nc4 Nxc1 16. Rxc1 Rc8 1/2-1/2

[Event "MISTRZOSTWA POLSKI JUNIOREK DO 16 LAT W SZACHACH SZYBKICH"]
[Site "KOSZALIN, Hala Widowiskowo-Sportowa, ul. Sniadeckich 4"]
[Date "1899-12-30"]
[Round "7.1"]
[White "Karykowska, Anna"]
[Black "Cieslak, Wiktoria"]
[Result "1/2-1/2"]
[WhiteTitle "I++"]
[BlackTitle "k+"]
[WhiteElo "1603"]
[BlackElo "1752"]

1. e4 c5 2. Nc3 Nc6 3. Nf3 e6 4. d4 cxd4 5. Nxd4 a6 6. g3 g6 7. Bg2 Bg7 8. Nde2
d6 9. O-O Nge7 10. Kh1 O-O 11. a4 Rb8 12. f4 b5 13. axb5 axb5 14. Qd3 b4 15. Nb5
d5 16. Na7 Nxa7 17. Rxa7 Nc6 18. Ra1 dxe4 19. Bxe4 Qxd3 20. cxd3 Nd4 21. Nxd4
Bxd4 22. Re1 Rd8 23. Re2 Bg7 24. Rd2 Bb7 25. Ra4 f5 26. Bxb7 Rxb7 27. b3 Bc3 28.
Rd1 Rbd7 29. Be3 Rd5 30. Kg2 e5 31. fxe5 Rxe5 32. Kf3 Rde8 33. Bf4 Re2 34. Rb1
Rxh2 35. Be3 Rd8 36. d4 h5 37. Kf4 Bxd4 38. Rxb4 Bf6 39. Rb6 Kg7 40. Rc1 Rd7 41.
Rcc6 Rf7 42. Kf3 h4 43. Bg5 Bxg5 44. Rxg6+ Kh7 45. Rxg5 hxg3 46. Kxg3 Rh1 47.
Kg2 Rh4 48. Rb5 f4 49. Rbf5 Rb7 50. Rh5+ Rxh5 51. Rxh5+ Kg6 52. Rh3 Kg5 53. Kf2
Kg4 54. Rc3 Rb6 55. Rd3 Ra6 56. Rd2 Ra3 57. Rb2 Ra6 58. b4 Rh6 59. Kg1 Kg3 60.
b5 Rd6 61. Rg2+ Kf3 62. Rf2+ Ke3 63. Rb2 Rb6 64. Rb3+ Ke2 65. Rb2+ Kf3 66. Rb3+
Kg4 67. Kf2 Kf5 1/2-1/2

[Event "MISTRZOSTWA POLSKI JUNIOREK DO 16 LAT W SZACHACH SZYBKICH"]
[Site "KOSZALIN, Hala Widowiskowo-Sportowa, ul. Sniadeckich 4"]
[Date "1899-12-30"]
[Round "7.2"]
[White "Kaczmarska, Joanna"]
[Black "Pedrak, Paulina"]
[Result "1-0"]
[WhiteTitle "k"]
[BlackTitle "I"]
[WhiteElo "1730"]
[BlackElo "1473"]

1. d4 d5 2. c4 e6 3. Nc3 Nf6 4. cxd5 Nxd5 5. e4 Nb6 6. Nf3 c5 7. Be3 cxd4 8. Nxd4
Be7 9. Bd3 N8d7 10. O-O O-O 11. Qe2 Ne5 12. Bc2 Bd7 13. Bb3 Nc6 14. Rfd1 Qb8 15.
g3 Bf6 16. Ndb5 Rd8 17. f4 Nc8 18. e5 Be7 19. Ne4 a6 20. Nd4 Nxd4 21. Bxd4 Bc6
22. Bc2 Bd5 23. Kf1 b5 24. b3 Qb7 25. Qd3 g6 26. Qe3 Rb8 27. Kf2 Nb6 28. Nf6+
Bxf6 29. exf6 Rdc8 30. Bd3 Nd7 31. g4 Qc7 32. Rac1 Qa5 33. Bb1 Qd8 34. g5 Rxc1
35. Rxc1 Rc8 36. Rd1 Qc7 37. h4 Qb7 38. Re1 Bh1 39. Be4 Bxe4 40. Qxe4 Qxe4 41.
Rxe4 Kf8 42. Re2 Rc1 43. Be3 Rc6 44. Rd2 Ke8 45. Kf3 Rc3 46. Ke2 Rc6 47. Bd4 Rc1
48. Bf2 Rc3 49. Kd1 Rc6 50. a4 bxa4 51. bxa4 Rc4 52. Rd4 Rc3 53. Kd2 Rc6 54. Rb4
Rc7 55. a5 Rc8 56. Be3 Rc6 57. Rb7 Rd6+ 58. Kc3 Rd5 59. Ra7 Kd8 60. Kb4 Rd6 61.
Bc5 Rc6 62. Be7+ Kc8 63. Ra8+ Nb8 64. Ra7 Nd7 65. Ra8+ Nb8 66. Bc5 Rc7 67. Bd6
Rb7+ 68. Kc4 Rb1 69. Bxb8 Rxb8 70. Rxa6 Rb1 71. Ra7 Rb7 72. Rxb7 Kxb7 73. Kb5
Ka7 74. a6 Ka8 75. Kc6 Ka7 76. Kd7 Kxa6 77. Ke7 Kb6 78. Kxf7 1-0

[Event "MISTRZOSTWA POLSKI JUNIOREK DO 16 LAT W SZACHACH SZYBKICH"]
[Site "KOSZALIN, Hala Widowiskowo-Sportowa, ul. Sniadeckich 4"]
[Date "1899-12-30"]
[Round "7.3"]
[White "Przepiora, Anna"]
[Black "Guzik, Natalia"]
[Result "1-0"]
[WhiteTitle "II"]
[BlackTitle "I++"]
[WhiteElo "1419"]
[BlackElo "1547"]

1. e4 c5 2. Nf3 Nc6 3. d4 cxd4 4. Nxd4 g6 5. Nc3 Bg7 6. Be3 Nf6 7. Bc4 O-O 8. Bb3
d6 9. f3 Bd7 10. Qd2 Rc8 11. O-O-O Ne5 12. g4 Nc4 13. Bxc4 Rxc4 14. h4 h5 15.
gxh5 Nxh5 16. Rdg1 b5 17. Ndxb5 Bxb5 18. Nxb5 a6 19. Na3 Rc8 20. Bh6 Bh8 21. Bxf8
Qb6 22. c3 Kxf8 23. Rg5 Bd4 24. Nc2 Bf6 25. Rd5 Be5 26. Qh6+ Kg8 27. Rxe5 dxe5
28. Qe3 Qb5 29. Rd1 Rb8 30. b3 Nf4 31. Na3 Qc6 32. Nc4 Qc7 33. Qd2 a5 34. Qd7
Qc5 35. Qa4 Ne2+ 36. Kb2 Qf2 37. Rd2 Qxf3 38. Qxa5 Qxe4 39. Qxe5 Qxe5 40. Nxe5
Nf4 41. Rd7 Kf8 42. Nc6 Re8 43. a4 e5 44. Rd8 e4 45. Rxe8+ Kxe8 46. a5 Nd5 47.
c4 Nc7 48. b4 f5 49. Ne5 f4 50. Kc2 Ne6 51. a6 Nd4+ 52. Kd1 f3 53. a7 f2 54. a8=Q+
Ke7 55. Nxg6+ Kf7 56. Qf8+ Kxg6 57. Qxf2 Nf5 58. b5 e3 59. Qxf5+ Kxf5 60. b6 1-0

[Event "MISTRZOSTWA POLSKI JUNIOREK DO 16 LAT W SZACHACH SZYBKICH"]
[Site "KOSZALIN, Hala Widowiskowo-Sportowa, ul. Sniadeckich 4"]
[Date "1899-12-30"]
[Round "7.4"]
[White "Gredka, Dominika"]
[Black "Dwilewicz, Agata"]
[Result "1/2-1/2"]
[WhiteTitle "I++"]
[BlackTitle "I+"]
[WhiteElo "1531"]
[BlackElo "1641"]

1. e4 c5 2. c3 Nf6 3. e5 Nd5 4. d4 cxd4 5. cxd4 e6 6. Nf3 d6 7. Bc4 dxe5 8. Nxe5
Be7 9. O-O O-O 10. Nc3 Nb6 11. Bb3 N8d7 12. Qf3 Nxe5 13. dxe5 Qc7 14. Bf4 Bd7
15. Rac1 Bc6 16. Qg3 Kh8 17. Nb5 Qd7 18. Nd6 Bxd6 19. exd6 Rac8 20. Bc2 Nd5 21.
Qh4 f5 22. Be5 Qf7 23. Rfd1 Qg6 24. Qh3 Qg4 25. Qxg4 fxg4 26. Rd4 Nf6 27. Bxf6
Rxf6 28. Rxg4 e5 29. Rh4 g6 30. Rd1 Rd8 31. Re1 Rfxd6 32. h3 Rd4 33. g4 e4 34.
g5 R4d5 35. Rg4 Bd7 36. Rg3 Rb5 37. b3 Ra5 38. a4 Bf5 39. Bxe4 Re5 40. f3 Rde8
41. Rc1 Bxe4 42. fxe4 Rxe4 43. Rc7 Re1+ 44. Kh2 R1e2+ 45. Rg2 R2e7 46. Rgc2 Kg7
47. Kg2 1/2-1/2

[Event "MISTRZOSTWA POLSKI JUNIOREK DO 16 LAT W SZACHACH SZYBKICH"]
[Site "KOSZALIN, Hala Widowiskowo-Sportowa, ul. Sniadeckich 4"]
[Date "1899-12-30"]
[Round "7.5"]
[White "Jurkiewicz, Zuzanna"]
[Black "Stebel, Agata"]
[Result "0-1"]
[WhiteTitle "I+"]
[BlackTitle "k"]
[WhiteElo "1555"]
[BlackElo "1712"]

1. e4 c5 2. Nf3 Nc6 3. d4 cxd4 4. Nxd4 Nf6 5. Nc3 e5 6. Nb3 Bb4 7. Bd3 d5 8. exd5
Nxd5 9. Bd2 Nxc3 10. bxc3 Be7 11. O-O O-O 12. f4 Bf6 13. f5 g6 14. Bh6 Bg7 15.
Bxg7 Kxg7 16. fxg6 hxg6 17. Qf3 f5 18. Qg3 Qe7 19. Rae1 e4 20. Be2 Qe5 21. Qxe5+
Nxe5 22. Nd4 Bd7 23. Rd1 Rac8 24. Rb1 b6 25. Rb3 Nc4 26. Bxc4 Rxc4 27. Re1 Rfc8
28. Re3 Kf6 29. Kf2 Ke5 30. g3 g5 31. Nf3+ Kf6 32. Nd4 Re8 33. Rb4 Rc7 34. a3
f4 35. gxf4 gxf4 36. Re1 Rxc3 37. Rb3 Rc4 38. c3 Bc6 39. Nxc6 Rxc6 40. h3 Kf5
41. Rb5+ Rc5 42. Rxc5+ bxc5 43. Rb1 e3+ 44. Ke2 Ke4 45. Rb5 f3+ 46. Ke1 f2+ 47.
Ke2 Rd8 48. Rb2 Rd2+ 49. Rxd2 exd2 0-1

[Event "MISTRZOSTWA POLSKI JUNIOREK DO 16 LAT W SZACHACH SZYBKICH"]
[Site "KOSZALIN, Hala Widowiskowo-Sportowa, ul. Sniadeckich 4"]
[Date "1899-12-30"]
[Round "8.1"]
[White "Cieslak, Wiktoria"]
[Black "Kaczmarska, Joanna"]
[Result "1-0"]
[WhiteTitle "k+"]
[BlackTitle "k"]
[WhiteElo "1752"]
[BlackElo "1730"]

1. e4 c6 2. d4 d5 3. Nc3 dxe4 4. Nxe4 Bf5 5. Ng3 Bg6 6. h4 h5 7. Nf3 Nd7 8. Bd3
Bxd3 9. Qxd3 g6 10. Bd2 Bg7 11. O-O-O Ngf6 12. Ne4 Nxe4 13. Qxe4 Nf6 14. Qe2 O-O
15. Kb1 Re8 16. c4 Qd7 17. Rhe1 Ng4 18. Bc3 Rac8 19. Ka1 Qf5 20. Rd2 c5 21. Rc2
b5 22. dxc5 Bxc3 23. Rxc3 Rxc5 24. Nd4 Qxf2 25. Qxf2 Nxf2 26. Nxb5 a6 27. b4 Rcc8
28. Na3 e5 29. c5 f5 30. Nc4 Ne4 31. Rxe4 fxe4 32. Nd6 Red8 33. Nxc8 Rxc8 34.
Re3 Kf7 35. Rxe4 Ke6 36. Rc4 Kd5 37. Rc1 e4 38. Kb2 Kd4 39. Kc2 Kc4 40. a3 e3
41. Rf1 Rd8 42. Rf4+ Kb5 43. Re4 Rd2+ 44. Kc3 Ra2 45. Kb3 Rxg2 46. Re6 Rb2+ 47.
Kxb2 Kc4 48. Rxe3 a5 49. Re4+ Kd5 50. Rf4 axb4 51. axb4 Ke5 52. Rc4 Kd5 53. Kc3
Kc6 54. Rd4 Kb5 55. Rd6 Ka4 56. Rb6 g5 57. hxg5 1-0

[Event "MISTRZOSTWA POLSKI JUNIOREK DO 16 LAT W SZACHACH SZYBKICH"]
[Site "KOSZALIN, Hala Widowiskowo-Sportowa, ul. Sniadeckich 4"]
[Date "1899-12-30"]
[Round "8.2"]
[White "Karykowska, Anna"]
[Black "Przepiora, Anna"]
[Result "1/2-1/2"]
[WhiteTitle "I++"]
[BlackTitle "II"]
[WhiteElo "1603"]
[BlackElo "1419"]

1. e4 c5 2. Nf3 d6 3. d4 cxd4 4. Nxd4 Nf6 5. Nc3 g6 6. f4 Nc6 7. Nxc6 bxc6 8. e5
Nd7 9. exd6 exd6 10. Qd4 Qf6 11. Qxf6 Nxf6 12. Bd3 Bg7 13. O-O O-O 14. f5 Rb8
15. Rb1 Re8 16. Bf4 Bf8 17. fxg6 hxg6 18. Bxd6 Bxd6 19. Rxf6 Be5 20. Rff1 Be6
21. a3 Bd5 22. Nxd5 cxd5 23. b3 Bc3 24. Rbd1 Rbd8 25. Rf3 Re1+ 26. Rxe1 Bxe1 27.
Re3 Bc3 28. Kf1 Kf8 29. Ke2 Re8 30. Rxe8+ Kxe8 31. Ke3 Ke7 32. h3 g5 33. Kf3 f6
34. Kg4 a5 35. h4 gxh4 36. Kxh4 Be1+ 37. Kg4 Bc3 38. Kf3 Bb2 39. g4 Bxa3 40. Bf5
Bb2 1/2-1/2

[Event "MISTRZOSTWA POLSKI JUNIOREK DO 16 LAT W SZACHACH SZYBKICH"]
[Site "KOSZALIN, Hala Widowiskowo-Sportowa, ul. Sniadeckich 4"]
[Date "1899-12-30"]
[Round "8.3"]
[White "Stebel, Agata"]
[Black "Gredka, Dominika"]
[Result "0-1"]
[WhiteTitle "k"]
[BlackTitle "I++"]
[WhiteElo "1712"]
[BlackElo "1531"]

1. e4 e5 2. Nf3 d6 3. Bc4 Be7 4. d4 exd4 5. Nxd4 Nf6 6. Nc3 O-O 7. O-O Re8 8. f3
c6 9. Be3 Bf8 10. Bf2 b5 11. Bd3 a5 12. a4 b4 13. Nce2 Bb7 14. Qd2 d5 15. exd5
Nxd5 16. Rad1 Nd7 17. Nf4 N7f6 18. Rfe1 Qc7 19. Nxd5 Nxd5 20. Nf5 Rad8 21. Bg3
Qb6+ 22. Kh1 c5 23. Qg5 h6 24. Qd2 Ba6 25. Rxe8 Rxe8 26. Bxa6 Nc3 27. bxc3 Qxa6
28. cxb4 axb4 29. Bd6 Re2 30. Qd3 Qxd3 31. cxd3 Bxd6 32. Nxd6 Ra2 33. Nc4 Rxa4
34. Kg1 Kf8 35. Kf2 Ra2+ 36. Kg3 Ke7 37. Rb1 Ke6 38. Rb3 Kd5 39. Nb2 Kd4 40. Kf4
Ra3 41. Rxa3 bxa3 42. Nc4 a2 43. Nd2 Kc3 0-1

[Event "MISTRZOSTWA POLSKI JUNIOREK DO 16 LAT W SZACHACH SZYBKICH"]
[Site "KOSZALIN, Hala Widowiskowo-Sportowa, ul. Sniadeckich 4"]
[Date "1899-12-30"]
[Round "8.4"]
[White "Dwilewicz, Agata"]
[Black "Guzik, Natalia"]
[Result "0-1"]
[WhiteTitle "I+"]
[BlackTitle "I++"]
[WhiteElo "1641"]
[BlackElo "1547"]

1. e4 c5 2. Nf3 Nc6 3. d4 cxd4 4. Nxd4 g6 5. c4 Bg7 6. Be3 d6 7. Nc3 Nf6 8. Be2
Bd7 9. O-O Nxd4 10. Bxd4 Bc6 11. Qd3 O-O 12. Rac1 Qa5 13. Bf3 Nd7 14. Bxg7 Kxg7
15. Qd4+ Qe5 16. Qe3 Qc5 17. Qxc5 Nxc5 18. b4 Nd3 19. Rb1 Ne5 20. Be2 Rac8 21.
f4 Nxc4 22. Bxc4 Bd7 23. Bb5 Bxb5 24. Nxb5 a6 25. Nd4 Rc4 26. Rfd1 e5 27. fxe5
dxe5 28. Nf3 Rxe4 29. Re1 Rxe1+ 30. Rxe1 f6 31. Rc1 Rf7 32. Kf2 Rd7 33. Ke3 Kf7
34. a4 Ke6 35. b5 axb5 36. axb5 Rd5 37. Rb1 Kd6 38. Nd2 f5 39. g3 Kc5 40. Rb2
Kb6 41. Nc4+ Kc5 42. Nd2 Kb6 43. Rb3 Kc5 44. Rb2 g5 45. Nf3 h6 46. h4 g4 47. Ne1
Kc4 48. Rf2 e4 49. Rb2 Rd1 50. Ke2 Ra1 51. b6 Ra3 52. Kf2 Kd5 53. Rd2+ Ke6 54.
Rb2 Ke5 55. Rb5+ Ke6 56. Rb2 Ke5 57. Rb5+ Ke6 58. Ng2 Rf3+ 59. Ke2 Rxg3 60. Nf4+
Kd6 61. Rxf5 Rf3 62. Rf8 g3 63. Ng6 g2 64. Rd8+ Kc5 65. Rd1 Rg3 66. Kf2 Rxg6 67.
h5 Rg5 68. Rg1 Kxb6 69. Ke3 Rg4 70. Kd4 Kc6 71. Ke3 Kd5 72. Rd1+ Ke5 73. Rg1 Ke6
74. Kd4 Kf5 75. Ke3 b5 76. Kd4 Kf4 77. Kc5 Kf3 78. Kxb5 Kf2 0-1

[Event "MISTRZOSTWA POLSKI JUNIOREK DO 16 LAT W SZACHACH SZYBKICH"]
[Site "KOSZALIN, Hala Widowiskowo-Sportowa, ul. Sniadeckich 4"]
[Date "1899-12-30"]
[Round "8.5"]
[White "Parol, Pola"]
[Black "Kindler, Karolina"]
[Result "0-1"]
[WhiteTitle "k"]
[BlackTitle "I+"]
[WhiteElo "1773"]
[BlackElo "1523"]

1. e4 c5 2. Nf3 e6 3. d4 cxd4 4. Nxd4 Nf6 5. Nc3 d6 6. Be2 a6 7. O-O Be7 8. f4
O-O 9. Be3 Qc7 10. Qe1 b5 11. a3 Bb7 12. Bf3 Nbd7 13. Qg3 Nb6 14. Rad1 Rfd8 15.
Kh1 Nc4 16. Bc1 Rac8 17. f5 e5 18. Nb3 Nxa3 19. Bh6 Bf8 20. Bg5 Be7 21. Bh6 Bf8
22. Bg5 Be7 23. Rf2 Nc4 24. Nd5 Nxd5 25. exd5 Bxg5 26. Qxg5 f6 27. Qc1 Qb6 28.
Re2 Na5 29. Nd2 Ba8 30. Ne4 Nb3 31. Qb1 Nd4 32. Rf2 Nxf3 33. Rxf3 a5 34. Rg3 Kf7
35. Rh3 h6 36. Rd2 Rc4 37. Qe1 Rd4 38. Rxd4 Qxd4 39. Rd3 Qxb2 40. Rb3 Qxc2 41.
Rxb5 Qc4 42. Rxa5 Bxd5 43. Ra7+ Kf8 44. Nd2 Qg4 45. Qg1 Rc8 46. Ra3 Rc1 47. Rg3
Rxg1+ 48. Kxg1 Qd1+ 49. Nf1 Bc4 50. Rf3 e4 51. Rf4 Qd4+ 52. Kh1 Bxf1 53. Rxf1
e3 54. Rb1 e2 55. Rb8+ Kf7 56. Rb7+ Kg8 57. Rb8+ Kh7 58. h3 e1=R+ 59. Kh2 Qf4+
0-1

[Event "MISTRZOSTWA POLSKI JUNIOREK DO 16 LAT W SZACHACH SZYBKICH"]
[Site "KOSZALIN, Hala Widowiskowo-Sportowa, ul. Sniadeckich 4"]
[Date "1899-12-30"]
[Round "9.1"]
[White "Guzik, Natalia"]
[Black "Cieslak, Wiktoria"]
[Result "1-0"]
[WhiteTitle "I++"]
[BlackTitle "k+"]
[WhiteElo "1547"]
[BlackElo "1752"]

1. e4 c5 2. Nf3 d6 3. d4 Nf6 4. dxc5 Nxe4 5. cxd6 Nc6 6. Bd3 Nxd6 7. Nc3 a6 8.
a4 g6 9. O-O Bg7 10. Bf4 O-O 11. Qd2 Nb4 12. Rad1 Nxd3 13. Qxd3 Bf5 14. Qd2 Nc4
15. Qe2 Qc8 16. Nd5 Re8 17. Nc7 Nxb2 18. Rb1 Nxa4 19. Nxe8 Nc3 20. Qxe7 Nxb1 21.
Nxg7 Kxg7 22. Be5+ Kg8 23. Qf6 Kf8 24. Ng5 Be6 25. Rd1 Ke8 26. Qh8+ Ke7 27. Bf6#
1-0

[Event "MISTRZOSTWA POLSKI JUNIOREK DO 16 LAT W SZACHACH SZYBKICH"]
[Site "KOSZALIN, Hala Widowiskowo-Sportowa, ul. Sniadeckich 4"]
[Date "1899-12-30"]
[Round "9.2"]
[White "Kaczmarska, Joanna"]
[Black "Karykowska, Anna"]
[Result "0-1"]
[WhiteTitle "k"]
[BlackTitle "I++"]
[WhiteElo "1730"]
[BlackElo "1603"]

1. d4 Nf6 2. c4 e6 3. Nf3 Bb4+ 4. Bd2 a5 5. e3 d6 6. Bd3 Nbd7 7. Qc2 Qe7 8. e4
Bxd2+ 9. Nbxd2 e5 10. d5 Nc5 11. Bf1 Bg4 12. h3 Bxf3 13. gxf3 Nh5 14. Nb3 Nd7
15. h4 a4 16. Nc1 Nc5 17. Rb1 O-O 18. b4 axb3 19. axb3 g6 20. b4 Na6 21. Bh3 Qxh4
22. Ne2 Nf4 23. Nxf4 Qxf4 24. Ke2 Kg7 25. Qc3 c5 26. dxc6 bxc6 27. Rhg1 Nc7 28.
Rb2 Rfd8 29. Rg4 Qf6 30. f4 Ne6 31. fxe5 dxe5 32. Rg3 Nf4+ 33. Ke3 Rd3+ 34. Qxd3
Nxd3 35. Kxd3 Qd6+ 36. Ke2 Qd4 37. Rc2 Qxe4+ 38. Kd2 Rd8+ 39. Kc3 Qd4+ 40. Kb3
c5 41. b5 Ra8 42. Bg2 Ra5 43. Rgc3 Qd1 44. Re3 Ra1 45. Bf3 Rb1+ 46. Ka4 Qxc2+
47. Ka5 Qd2+ 48. Ka6 Ra1+ 49. Kb7 Qd7+ 50. Kb6 Qd6+ 51. Kb7 Qd7+ 52. Kb6 Ra7 53.
Bc6 Qe7 54. f4 f6 55. Re4 h5 56. fxe5 fxe5 57. Re2 h4 58. Rg2 e4 59. Rg4 e3 60.
Re4 Qc7+ 61. Kxc5 Ra3 62. Kb4 Rd3 63. Kc5 Qd6+ 64. Kb6 Qb8+ 65. Kc5 Qa7+ 66. b6
Qa3+ 67. Kb5 Rb3# 0-1

[Event "MISTRZOSTWA POLSKI JUNIOREK DO 16 LAT W SZACHACH SZYBKICH"]
[Site "KOSZALIN, Hala Widowiskowo-Sportowa, ul. Sniadeckich 4"]
[Date "1899-12-30"]
[Round "9.3"]
[White "Przepiora, Anna"]
[Black "Gredka, Dominika"]
[Result "0-1"]
[WhiteTitle "II"]
[BlackTitle "I++"]
[WhiteElo "1419"]
[BlackElo "1531"]

1. e4 e5 2. Nf3 d6 3. d4 exd4 4. Nxd4 Nf6 5. Nc3 Be7 6. Bc4 O-O 7. O-O Re8 8. Bg5
c6 9. a4 a5 10. Re1 Bf8 11. Kh1 Nbd7 12. f4 h6 13. Bh4 Qb6 14. Bb3 Qc7 15. Nf5
Nc5 16. Bxf6 gxf6 17. Qg4+ Kh7 18. Re3 Bxf5 19. Qxf5+ Kh8 20. Qxf6+ Bg7 21. Qxf7
Qxf7 22. Bxf7 Rf8 23. Bc4 Rxf4 24. Rf3 Raf8 25. Rxf4 Rxf4 26. Bd3 Rf2 27. Nd1
Rd2 28. Kg1 Nxd3 29. cxd3 Rxd3 30. Nf2 Bd4 31. Kf1 Rd2 32. Nd1 Bxb2 33. Nxb2 Rxb2
34. Rd1 Rb4 35. Rxd6 Rxe4 36. Rd8+ Kg7 37. Rd7+ Kf6 38. Rxb7 Rxa4 39. Rb6 Rc4
40. Ra6 Rc5 41. Ke2 Kf5 42. Kd3 Ke5 43. g4 Kd6 44. h4 Rb5 45. Ke3 Kc7 46. Ra7+
Kb6 47. Rh7 a4 48. Rxh6 a3 49. Rf6 a2 50. Rf1 Rb1 51. Rxb1+ axb1=Q 52. Kd4 0-1